000 00952nam a22002417a 4500
005 20250620143324.0
008 250620b |||||||| |||| 00| 0 eng d
020 _a978-81-7883-678-2 (hbk)
037 _cREF
040 _aCRL
_cCRL
041 _2pun
_apun
084 _aLk 153Q4
_qCRL
100 _aਡਾਵਰ, ਰਮਾ ਕਾਂਤ
_9813542
245 _aਮੈਡੀਕੋ-ਲੀਗਲ ਸਬਦਕੋਸ਼
260 _aਲੁਧਿਆਣਾ, ਭਾਰਤ:
_b ਚੇਤਨਾ ਪ੍ਰਕਾਸ਼ਨ,
_c2014.
300 _a375 ਪ.
365 _b500.00
_cINR
650 _aਮੈਡੀਕਲ ਸਾਇੰਸ
_9813543
650 _aਕੋਸ਼
700 _aਸੰਘੇਰਾ, ਸੁਖਦੇਵ ਕੌਰ
_eਲੇਖਕ
_9813544
942 _2CC
_cTB
_hLk 153Q4
_n0
999 _c1432089
_d1432089